| 000 | 01293nam a22003737a 4500 | ||
|---|---|---|---|
| 003 | CHAP | ||
| 005 | 20220817042926.0 | ||
| 008 | 971013s1992 mx a r 00010 spa d | ||
| 010 | _a60049 | ||
| 011 | _a61021 | ||
| 035 | _a65185 | ||
| 040 | _cCHAP | ||
| 090 | _aTesis | ||
| 100 | 0 | 0 |
_aSantacruz Ulibarri, Heladio. _9102265 |
| 245 | 1 | _aBiología de Nacobbus aberrans (Thorne, 1935) Thorne y Allen, 1944 en varios hospedantes en el Estado de México | |
| 260 |
_aMontecillo, Méx. : _bEl autor, _c1992 |
||
| 300 |
_a129 h. _b: ilus. ; fotos |
||
| 502 | _aTesis (M.C. Esp. en Fitopatología) -- Colegio de Postgraduados. Centro de Fitopatología | ||
| 590 |
_aALEPH _b10 _c20130110 _lUCH01 _h1339 |
||
| 590 |
_aBATCH-UPD _b10 _c20130110 _lUCH01 _h0716 |
||
| 590 |
_aBATCH-UPD _b10 _c20130410 _lUCH01 _h0402 |
||
| 590 |
_aBATCH-UPD _b10 _c20130914 _lUCH01 _h0303 |
||
| 590 |
_aCONVERSION _b10 _c20130109 _lUCH01 _h1332 |
||
| 650 | 1 | 4 |
_aAmaranto _xPlagas. _95137 |
| 650 | 1 | 4 |
_aEspinaca _xPlagas. _937854 |
| 650 | 1 | 4 |
_aLegumbres _xPlagas. _965768 |
| 650 | 1 | 4 |
_aNacobbus aberrans. _980022 |
| 650 | 1 | 4 |
_aNematicidas. _980808 |
| 650 | 1 | 4 | _aNemátodos parásitos de plantas. |
| 650 | 1 | 4 |
_aTomate _xPlagas. _9113748 |
| 901 | _aBK | ||
| 942 | _cTESIS | ||
| 949 |
_bBC _cTES _d-144475 _eTS1 _h29019 _i65185 _si |
||
| 999 |
_c60049 _d60049 |
||